Vladimír Clementis diplomat

Bibliographic Details
Main Author: Čierny, Ján, 1922-2001 (Author)
Format: Book
Language:Slovak
PhysicalDescription:201 s., [7] s. obr. príl. fotogr. 22 cm
Published: Bratislava Literárne informačné centrum 1999
ISBN:8088878594
Series:Svedectvá
Subjects:

MARC

LEADER 00000nam a2200000 a 4500
001 vtls001384844
003 SK-MaSNL
005 20260425234815.0
008 251113s1999 xo a rb slo
015 |a SNBA2000/05-01560 
020 |a 8088878594 
035 |a SNK000338961 
035 |a urn:nbn:sk:snk-amkksq 
035 |a urn:nbn:sk:snk-am003as0 
035 |a 27053E01-9886-4C33-A993-2B6A6A819A06 
040 |a SNK  |b slo  |c SNK  |e AACR2 
041 0 |a slo 
044 |a xo  |c SK 
080 |a 32-05  |2 1981 
080 |a 929 Clementis, Vladimír  |2 1981 
080 |a 341.7  |2 2001 
100 1 |a Čierny, Ján,  |d 1922-2001  |4 aut  |9 52365 
245 1 0 |a Vladimír Clementis diplomat  |c Ján Čierny 
260 |a Bratislava  |b Literárne informačné centrum  |c 1999 
300 |a 201 s., [7] s. obr. príl.  |b fotogr.  |c 22 cm 
490 1 |a Svedectvá 
500 |a Ilustr. na front. 
504 |a Pozn. 
600 1 |a Clementis, Vladimír,  |d 1902-1952  |2 SNK  |9 36924 
650 0 7 |a diplomacia  |2 SNK  |9 1254 
655 7 |a biografie  |2 SNK  |9 27965 
830 0 |a Svedectvá  |9 287701 
919 |a 80-88878-59-4 
958 |a TL 
958 |a BX 
999 |c 809549  |d 811479 
952 |t P60, <03>, [BOOK], {603}  |a SNK  |b SNK  |y PREZ  |7 0  |p 17A0232191  |o snkSC 101065  |i snkKSP 2901/2000  |0 0  |1 0  |4 0  |d 2000-03-14  |f 1  |l 0  |r 2025-09-19 00:00:00  |w 2026-02-24 
952 |t P60, <04>, [BOOK], {604}  |a SNK  |b SNK  |y VYP  |7 0  |p 17A0232190  |o snkSC 101065 D1  |i snkKSP 2902/2000  |0 0  |1 0  |4 0  |d 2000-03-14  |l 0  |r 2005-01-02 00:00:00  |w 2026-02-24